1996 1628 1220 1369 1847 1153 1429 1418 1954 1713 1946 1277 1500 1777 1658 1809 1258 1418 1043 1130 1174 1223 1968 1295 1610 1927 1445 1117 1087 1270 1704 1399 1514 1441 1604 1448 1856 1381 1313 1744 1686 1480 1874 1074 1492 1707 1423 1157 1924 1495 1170 1306 1615 1849 1364 1853 1262 1179 1930 1097 1599 1617 1911 1960 1372 1363 1399 1567 1356 1943 1007 1770 1126 1406 1204 1477 1307 1825 1868 1053 1240 1781 1085 1653 1764 1161 1389 1041 1881 1572 1950 1887 1143 1475 1497 1249 1945 1376 1379 BCNSPRNW ULIB Ver.6.0+V

เปลี่ยนเป็นภาษาไทย

Change to English
 แสดงรายละเอียดบรรณานุกรม
  กลับหน้าหลัก

Brief Record : Get Marc (ISO 2709) : E-mail record : QR code < ปิดหน้าต่าง
LEADER : 00000nam 2200000uu 4500
001    13399127114
003     ULIB
008    191016s2018||||th 000 0 tha d
020    ^a9781506237381 (pbk.)
050  4 ^aPE1128^bF773
245 00 ^a4 Practice tests for the TOEFL, 2019-2020 /^c[KaplanPublishing]
246 30 ^aFour practice tests for the TOEFL, 2019-2020
246 30 ^aKaplan TOEFL, 2019-2020 :^b4 practice tests essentialpractice for the TOEFL iBT
246 30 ^aTOEFL iBT, 2019-2020
246 30 ^aTest of English as a Foreign Language, 2019-2020
246 30 ^aKaplan Test of English as a Foreign Language, 2019-2020
260    ^aNew York :^bKaplan Publishing,^c2018
300    ^a192 p. ;^c28 cm.
650  0 ^aTest of English as a Foreign Language^vStudy guides
650  0 ^aEnglish language^vTextbooks for foreign speakers
650  0 ^aEnglish language^xExaminations^vStudy guides
945    ^p830^l0^i006303
999    ^aประนอม เกษจรัล
รายการนี้ยังไม่มีแท็ก
คุณยังไม่ได้ล็อกอิน คุณสามารถมีกิจกรรมร่วมกับเว็บไซต์ได้ แต่ต้องล็อกอินก่อน ::
  ล็อกอิน

รายการสื่อสารสนเทศ

ลำดับที่ ประเภท เลขเรียก/บาร์โค้ด สถานที่ สถานะ
1. การศึกษาทั่วไป
การศึกษาทั่วไป
PE1128 F773 ฉ.1 
  Barcode: 006303
ห้องสมุดวิทยาเขตสวรรค์ประชารักษ์
►หนังสือทั่วไป
บนชั้น

BibComment


ยังไม่เคยถูกคอมเมนท์

คอมเมนท์ทรัพยากรรายการนี้
  คอมเมนท์: 4 Practice tests..


 Copyright 2026. Bcnsprnw @Library